[Event "AUS-ch U12"]
[Site "Mooroolbark"]
[Date "2011.01.19"]
[Round "2"]
[White "Slater Jones, Tom"]
[Black "Wong, Joseph"]
[Result "1/2-1/2"]
[WhiteElo "1050"]
[BlackElo "1331"]
[PlyCount "98"]
[EventDate "2011.01.19"]
[EventType "swiss"]
[EventRounds "9"]
[EventCountry "AUS"]
[SourceTitle "EXT 2013"]
[Source "ChessBase"]
[SourceDate "2012.11.22"]
[SourceVersion "1"]
[SourceVersionDate "2012.11.22"]
[SourceQuality "1"]

1. d4 e6 2. c4 Nf6 3. Nc3 Bb4 4. Qc2 c5 5. a3 Bxc3+ 6. bxc3 0-0 7. e3 b6 8. Bd3 Bb7 9. e4 d5 10. cxd5 exd5 11. e5 Ne4 12. Be3 Nd7 13. Nf3 Rc8 14. Nd2 cxd4 15. Bxd4 Re8 16. Nf3 f6 17. c4 fxe5 18. Be3 Ndf6 19. 0-0 Kh8 20. Rac1 dxc4 21. Be2 Ng4 22. Rfd1 Nxe3 23. Rxd8 Nxc2 24. Rxe8+ Rxe8 25. Rxc2 c3 26. h3 Rf8 27. Bd3 Nc5 28. Nxe5 Nxd3 29. Nxd3 Rc8 30. f3 Bd5 31. Nc1 Kg8 32. Ne2 Bb3 33. Rxc3 Rxc3 34. Nxc3 Kf7 35. Kf2 Bc4 36. g3 Ke6 37. Ke3 b5 38. Kd4 a6 39. Ne4 Bf1 40. h4 Bg2 41. g4 h6 42. f4 Bxe4 43. Kxe4 a5 44. g5 hxg5 45. hxg5 b4 46. f5+ Kd6 47. axb4 axb4 48. Kd4 b3 49. Kc3 Ke5 1/2-1/2